Guess The Football Player - Statistics

General Stats
  • This quiz has been taken 66 times
  • The average score is 9 of 16
Answer Stats
Clubs Player % Correct
Santos - FC Barcelona - Paris Saint-Germain - Al Hilal Neymar
100%
Dinamo Zagreb - Zrinjski Mostar (loan) - Inter Zaprešić (loan) - Tottenham Hotspur - Real Madrid - AC Milan Luka Modrić
73%
FC Groningen - Celtic - Southampton - Liverpool Virgil van Dijk
73%
Olympique Lyon - Real Madrid - Al-Ittihad - Al-Hilal Karim Benzema
69%
Everton - Manchester United - D.C. United - Derby County Wayne Rooney
67%
RSC Anderlecht - Chelsea - West Brom (loan) - Everton (loan) - Everton - Manchester United - Inter - Chelsea - Inter (loan) - Roma (loan) - Napoli Romelu Lukaku
65%
FC Metz - RB Salzburg - Southampton - Liverpool - Bayern Munich - Al-Nassr Sadio Mané
65%
Liverpool - Manchester City - Chelsea - Arsenal (loan) - Feyenoord Raheem Sterling
60%
Borussia Mönchengladbach - FC Barcelona - Girona (loan) Marc-André ter Stegen
58%
Stocksbridge Park Steels - FC Halifax Town - Fleetwood Town - Leicester City - Cremonese Jamie Vardy
54%
Chelsea - Vitesse (loan) - Derby County (loan) - Manchester United Mason Mount
44%
Feyenoord - Arsenal - Manchester United - Fenerbahçe Robin van Persie
44%
Sporting Gijón - Real Zaragoza - Valencia - FC Barcelona - Atlético Madrid - New York CIty FC - Melbourne City (loan) - Vissel Kobe David Villa
42%
Manchester United - Real Zaragoza (loan) - FC Barcelona Gerard Piqué
42%
Le Mans - Guingamp - Olympique Marseille - Chelsea - Shanghai Shenhua - Galatasaray - Montreal Impact - Phoenix Rising Didier Drogba
40%
Real Sociedad - Eibar (loan) - Liverpool - Real Madrid - Bayern Munich Xabi Alonso
35%
No matching quizzes found
Score Distribution
Percent of People with Each Score
Percentile by Number Answered
Your Score History
You have not taken this quiz